Učitavanje...

Myth and reality /

Bibliografski detalji
Glavni autor: Kosambi, Damodar Dharmanand .
Format: Printed Book
Izdano: NULL : Silence , 1991.
Teme:
LEADER 00401cam a2200133ua 4500
082 1 4 |a 301.0954  |b KOS-M 
100 1 |a Kosambi, Damodar Dharmanand . 
245 1 0 |a Myth and reality /  
260 |a NULL :   |b Silence ,   |c 1991. 
300 |a NULL ;  
650 0 |a Myth 
942 |c BK 
999 |c 33887  |d 33887 
952 |0 0  |1 0  |4 0  |6 301_095400000000000_KOSM  |7 0  |9 43361  |a KU  |b KU  |d 2015-07-05  |l 0  |o 301.0954 KOS-M  |p G00406   |r 2015-07-05  |y BK